000
00341nam a2200157Ia 4500
100
_a
Dale Carnegie
650
_a
Philosophy
942
_c
BK
366
_f
17.5
245
_a
How to stop worrying and start living
260
_b
Vermilion
_a
London
_c
1984
082
_a
339.46/DAL
_b
DAL
300
_a
302
546
_a
ENGLISH
999
_c
19021
_d
19021